01468nab a22001937a 4500003000400000005001700004008004100021040000700062100002700069245015600096260007200252300001300324505058800337505007400925505008900999650001801088650004601106773012201152OSt20260122070438.0190502c xxu||||| |||| 00| 0 spa d cPJ aSantoianni, Juan Pablo10aError sobre la edad del sujeto pasivo en los delitos de abuso sexual y principio de congruencia :bel fallo “F. M. C. V.” /cJuan Pablo Santoianni. aCiudad Autónoma de Buenos Aires :bThomson Reuters La Ley,c2024. ap. 48-58 aSumario: I. Introducción.— II. Aspectos centrales del fallo “F. M. C. V.”.— III. Distintas posturas sobre el error acerca de la edad del sujeto pasivo en los delitos de abuso sexual.— IV. Nuestra posición: estupro consumado con necesidad de puntual intimación respecto del “aprovechamiento de la inmadurez sexual”.— V. Contenido de la acusación y principio de congruencia en los supuestos de error sobre la edad de la víctima.— VI. El error sobre la edad de la víctima y el principio de congruencia en el fallo “F. M., C. V.”.— VII. Conclusión.  aFallo comentado: CCrim. 2a Nom., Catamarca, 15/03/2022. - F. M. C. V. t¿Te interesa el texto completo? Solicitalo al correo: koha@justierradelfuego.gov.ar 0aDERECHO PENAL 0aABUSO SEXUAL CALIFICADO POR ACCESO CARNAL0 02729dBuenos Aires : LexisNexis, 2006-tRevista de derecho penal y procesal penal. Nº 10 - Octubre 2024z9875920622